000 00348 a2200169 4500
001 70823
020 _a8532215513
040 _cAnchieta - Itaigara
100 _aSansoni, Sílvia
240 1 0 _aCidadania
_lpor
245 1 0 _aCidadania
300 _a15
362 0 _a1998
440 1 _aFTD
650 4 _aLiteratura infanto-juvenil
942 _cBK
999 _c70823
_d70823